טוען...

Elementary applied partial differential equations:with fourier series and boundary value problems

Heat equations

מידע ביבליוגרפי
מחבר ראשי: Haberman,Richard
פורמט: Printed Book
יצא לאור: New jersey Prentice Hall 1987
מהדורה:2nd
LEADER 00617nam a22001697a 4500
020 |a 0132528916 
082 |a 515.353  |b M7 
100 |a Haberman,Richard 
245 |a Elementary applied partial differential equations:with fourier series and boundary value problems  
250 |a 2nd 
260 |a New jersey  |b Prentice Hall  |c 1987 
300 |a 547 
520 |a Heat equations 
520 |a Method of separation of variobles 
942 |c BK 
999 |c 127786  |d 127782 
952 |0 0  |1 0  |4 0  |6 515_353000000000000_M7  |7 0  |8 NFIC  |9 126101  |a SPAP  |b SPAP  |c GEN  |d 2016-05-27  |e V publication  |g 0.00  |l 0  |o 515.353 M7  |p SPAP 1105  |r 2016-05-27  |w 2016-05-27  |y BK